| 000 | 03084cam a22004094a 4500 | ||
|---|---|---|---|
| 001 | 8804779 | ||
| 003 | ASAB | ||
| 005 | 20180827062717.0 | ||
| 006 | m d | ||
| 007 | cr n | ||
| 008 | 061114s2007 njua sb 001 0 eng d | ||
| 020 | _a978-81-7319-850-2 | ||
| 035 | _a(WaSeSS)ssj0000202228 | ||
| 040 | _cASAB | ||
| 042 | _apcc | ||
| 050 | 4 |
_aQP624.5.D726 _bM512 2007 |
|
| 055 | 0 | 2 | _aQP624.5* |
| 055 | 0 | 0 |
_aQP624 .5 D726 _bM52 2007 |
| 060 | 0 | 0 |
_aW1 _bME9616J v. 377 2007 |
| 060 | 1 | 0 |
_aQU 450 _bM6256 2007 |
| 082 | 0 | 0 |
_a572.8636 _222 |
| 210 | 1 | 0 | _aMicroarray data analysis |
| 245 | 0 | 0 |
_aMicroarray data _bstatistical analysis using R _cShailaja R. Deshmukh |
| 260 |
_aTotowa, N.J. : _bHumana Press, _cc2007. |
||
| 300 |
_avarious pages _c23 cm |
||
| 490 | 1 |
_aMethods in molecular biology, _x1064-3745 ; _v377 |
|
| 504 | _aIncludes bibliographical references and index. | ||
| 505 | 0 | _aMicroarray data analysis: an overview of design, methodology, and analysis / Ashani T. Weeraratna and Dennis D. Taub -- Genomic Signal processing: from matrix algebra to genetic networks / Orly Alter -- Online analysis of microarray data using artificial neural networks / Braden Greer and Javed Khan --Signal processing and the design of microarray time-series experiments / Robert R. Klevecz, Caroline M. Li, and James L. Bolen -- Predictive models of gene regulation: application of regression methods to microarray data / Debopriya Das and Michael Q. Zhang -- Statistical framework for gene expression data analysis / Olga Modlich and Marc Munnes -- Gene expression profiles and prognostic markers for primary breast cancer / Yixin Wang ... [et al.] -- Comparing microarray studies / Mayte Suárez-Fariñas and Marcelo O. Magnasco -- A pitfall in series of microarrays: the position of probes affects the cross-correlation of gene expression profiles / Gábor Balázsi and Zoltán N. Oltvai -- In-depth queryof large genomes using tiling arrays / Manoj Pratim Samanta, Waraporn Tongprasit, and Viktor Stolc -- Analysis of comparative genomic hybridization data on cDNA microarrays / Sven Bilke and Javed Khan -- Integrated high-resolution genome-wide analysis of gene dosage and gene expression in human brain tumors / Dejan Juric ... [et al.] -- Progression-associated genes in astrocytoma identified by novel microarray gene expression data reanalysis / Tobey J. MacDonald ... [et al.] -- Interpreting microarray results with gene ontology and MeSH / John D. Osborne ... [et al.] -- Incorporation of gene ontology annotations to enhance microarray data analysis / Michael F. Ochs ... [et al.] -- Predicting survival in follicular lymphoma using tissue microarrays / Michael J. Korenberg, Pedro Farinha, and Randy D. Gascoyne. | |
| 506 | _aLicense restrictions may limit access. | ||
| 650 | 0 |
_aDNA microarrays. _92364 |
|
| 650 | 0 |
_aGene expression. _92365 |
|
| 650 | 1 | 2 |
_aMicroarray Analysis _xmethods. _92366 |
| 650 | 2 | 2 |
_aGene Expression Profiling. _92367 |
| 773 | 0 | _tSpringer Protocols | |
| 910 | _aLibrary of Congress record | ||
| 942 |
_2ddc _cBK |
||
| 999 |
_c480346 _d480346 |
||